Widok standardowy
Widok MARC
Pozycja Geographic Name
Liczba rekordów, w których użyto hasła: 1
001 - Numer kontrolny
- control field: 40408
003 - Identyfikator numeru kontrolnego
- control field: NUKAT
005 - Data i czas ostatniej modyfikacji
- control field: 20260422184802.0
008 - Dane kontrolne kodowane (40 znaków)
- fixed length control field: 120913n||aaznnbabn |a ana |c
010 ## - Numer kontrolny Biblioteki Kongresu
- numer kontrolny LC: sx2009039125
040 ## - Instytucja sporządzająca rekord
- inst. przygot. dane do rek. khw: Ł U/og
- język haseł przedmiotowych/tezaurus: kaba
- inst. wprow. rek. khw: Ł U/og
151 ## - Hasło - nazwa geograficzna
- nazwa geograficzna: Zabór pruski
- określnik rzeczowy: sytuacja gospodarcza
- określnik chronologiczny: 1870-1914.